| 000 -ლიდერი |
| ფიქსირებული სიგრძის საკონტროლო ველი |
01863nam a2200289Ia 4500 |
| 001 - საკონტროლო ნომერი |
| საკონტროლო ველი |
20561 |
| 003 - საკონტროლო ნომრის იდენტიფიკატორი |
| საკონტროლო ველი |
GE_BSU |
| 005 - ბოლო ოპერაციის თარიღი და დრო |
| საკონტროლო ველი |
20210220210558.0 |
| 008 - ფიქსირებული სიგრძის მონაცემთა ელემენტები - ზოგადი ინფორმაცია |
| ფიქსირებული სიგრძის საკონტროლო ველი |
181216s2011||||ge |||||||||||||| ||geo|| |
| 020 ## - წიგნის საერთაშორისო სტანდარტული ნომერი |
| International Standard Book Number |
9789941131981 |
| 040 ## - კატალოგიზაციის წყარო |
| Transcribing agency |
GE_BSU |
| 041 ## - ენის კოდი |
| Language code of text/sound track or separate title |
geo |
| 080 ## - უნივერსალური ათობითი კლასიფიკაციის ინდექსი |
| Universal Decimal Classification number |
546(075.8) ლ-40 |
| 100 ## - მთავარი ჩანაწერი - პიროვნების სახელი |
| Personal name |
ლეკიშვილი, ნოდარ |
| 9 (RLIN) |
10157 |
| 245 ## - ცნობა სათაურის შესახებ |
| Title |
ზოგადი და არაორგანული ქიმია : მესამე ნაწილი : |
| Remainder of title |
მეტალორგანული ნაერთები და მეტალკომპლექსები / |
| Statement of responsibility, etc |
ნოდარ ლეკიშვილი, მზია კეჟერაშვილი, ხათუნა ბარბაქაძე ; რედაქტორი ერნა ლეკიშვილი. |
| 264 ## - წარმოების, გამოცემის, დისტრიბუციის და სხვა ცნობები |
| გამოცემის, წარმოების, დისტრიბუციის... ადგილი |
თბილისი : |
| გამოცემის, წარმოების, დისტრიბუციის... სახელწოდება |
თბილისის უნივერსიტეტის გამომცემლობა, |
| გამოცემის, წარმოების, დისტრიბუციის... თარიღი |
2011. |
| 300 ## - ფიზიკური აღწერა |
| Extent |
157,[1] გვ. |
| 504 ## - BIBLIOGRAPHY, ETC. NOTE |
| Bibliography, etc |
ბიბლიოგრ. : გვ. 156-157 |
| 653 ## - INDEX TERM--UNCONTROLLED |
| Uncontrolled term |
ზოგადი და არაორგანული ქიმია |
| 653 ## - INDEX TERM--UNCONTROLLED |
| Uncontrolled term |
მეტალორგანული ნაერთები და მეტალკომპლექსები |
| 700 ## - ADDED ENTRY--PERSONAL NAME |
| Personal name |
კეჟერაშვილი, მზია |
| Relator term |
ავტორი |
| 9 (RLIN) |
10158 |
| 700 ## - ADDED ENTRY--PERSONAL NAME |
| Personal name |
ბარბაქაძე, ხათუნა |
| Relator term |
ავტორი |
| 9 (RLIN) |
10159 |
| 700 ## - ADDED ENTRY--PERSONAL NAME |
| Personal name |
ლეკიშვილი, ერნა |
| Relator term |
რედაქტორი |
| 9 (RLIN) |
10160 |
| 710 ## - ADDED ENTRY--CORPORATE NAME |
| Corporate name or jurisdiction name as entry element |
ივანე ჯავახიშვილის სახელობის თბილისის სახელმწიფო უნივერსიტეტი |
| 9 (RLIN) |
10161 |
| 942 ## - ADDED ENTRY ELEMENTS (KOHA) |
| Koha item type |
წიგნი |
| Source of classification or shelving scheme |
|